000 00685nam a2200289Ia 4500
005 20260324122830.0
008 008 260324s9999 xx 000 0 eng d
020 _a9780429479359
037 _aEBOOK
040 _aCRL
040 _beng
040 _cCRL
041 _2eng
041 _aeng
084 _qCRL
100 _aJorge Canestri
_91167985
245 0 _aPutting Theory to Work
245 0 _bHow are Theories Actually Used in Practice?
260 _bTaylor and Francis
260 _c2012
365 _a
365 _b180
856 _uhttp://www.taylorfrancis.com/books/9780429479359
942 _cEBOOK
999 _c1761018
_d1761018